• 首页
  • 本馆介绍
  • 公告通知
  • 最新文献
  • 馆藏检索
  • 电子资源
  • 读者导购
  • 参考咨询
  • 我的图书馆
  • 登录
  • 详细信息显示
  • 放入我的书架
  • 预约/预借图书
  • 作者相关作品
  • 分类相关作品
  • 丛书相关作品
  • 出版社相关作品

书目信息

  • 表格格式
  • 工作单格式
  • 卡片格式
题名:
危机与拯救
    
 
作者: 陈树林 著
分册:  
出版信息: 北京   人民出版社  2004.12
页数: 318页
开本: 20cm
丛书名: 当代文化批判丛书
单 册:
中图分类: B972
科图分类:
主题词: 基督教
电子资源:
ISBN: 7-01-004765-0
000 00682nam0 2200229 450
001 1136936299
005 20110521101610.51
010    @a7-01-004765-0@dCNY22.00
100    @a20110521d2004 km y0chiy0120 ea
101 0  @achi
102    @aCN@b110000
200 1  @a危机与拯救@Awei ji yu zheng jiu@e蒂利希文化神学导论@f陈树林著@Fchen shu lin zhu
210    @a北京@c人民出版社@d2004.12
215    @a318页@d20cm
225 2  @a当代文化批判丛书
410  0 @12001 @a当代文化批判丛书
517 1  @a蒂利希文化神学导论@Adi li xi wen hua shen xue dao lun
606 0  @a基督教
690    @aB972@v5
701  0 @a陈树林@Achen shu lin@4著
801  0 @aCN@bNISOFT@c20110521
905    @aBZT@dB972@e3
    
    危机与拯救:蒂利希文化神学导论/陈树林著.-北京:人民出版社,2004.12
    318页;20cm.-(当代文化批判丛书)
    
    
    ISBN 7-01-004765-0:CNY22.00
    
●
相关链接 在五车中查询图书 在当当中查询图书 在豆瓣中查询图书


正题名:危机与拯救     索取号:B972/3         预约/预借

序号 登录号 条形码 馆藏地/架位号 状态 备注
1 778423   2000778423   中心书库南/007架B面2层6列/ [索取号:B972/3] 在馆    
2 778424   2000778424   中心书库南/007架B面2层6列/ [索取号:B972/3] 在馆    
3 778425   2000778425   中心书库南/007架B面2层6列/ [索取号:B972/3] 在馆    
4 778426   2000778426   中心书库南/007架B面2层6列/ [索取号:B972/3] 在馆    
5 778427   2000778427   中心书库南/007架B面2层6列/ [索取号:B972/3] 在馆    
6 778428   2000778428   中心书库南/007架B面2层6列/ [索取号:B972/3] 在馆    
山东省滨州职业学院图书馆 欢迎您!
大连网信软件有限公司© 版权所有